SCH: 20 clips les plus vus - Statistiques

Statistiques générales
  • Ce quiz a été pris 214 fois
  • Le résultat moyen est 13 sur 20
Statistiques - réponses
Vues Musique % Correct
4 79M A7
93%
1 143M Fusil
87%
2 92M Otto
86%
10 44M Je la connais
79%
6 68M Anarchie
78%
3 83M Champs Élysées
77%
9 46M Allo maman
68%
14 37M Autobahn
68%
17 32M RAC
68%
8 49M Comme si
66%
7 51M Gomorra
66%
15 37M Prêt à partir
66%
5 69M Interlude
65%
16 35M Ça ira
62%
12 39M Liquide
59%
18 31M Mannschaft
56%
13 38M Le code
55%
20 25M MAC 11
54%
11 43M Morpheus
51%
19 26M Cartine cartier
41%
Aucun quiz correspondant
Distribution des résultats
% des personnes avec chaque résultat
Percentile par nombre de réponses
Votre historique - résultats
Vous n’avez pas pris ce quiz